| 000 | 00359nam a2200145Ia 4500 | ||
|---|---|---|---|
| 005 | 20240807062227.0 | ||
| 008 | 240806s9999||||xx |||||||||||||| ||eng|| | ||
| 041 | _aeng | ||
| 100 | _aShambhunath | ||
| 245 | 0 |
_aHindi navjagaran & sanskriti / _cShambhunath |
|
| 260 | _bAnand Perakashan Kaolakata | ||
| 300 | _a280 | ||
| 650 | _aGeneral Studies | ||
| 942 | _cBK | ||
| 999 |
_c12379 _d12379 |
||